| 000 | 00711nam a2200229 a 4500 | ||
|---|---|---|---|
| 001 | 000013835 | ||
| 005 | 20250522115618.0 | ||
| 008 | 091130s1983 dr a 000 e spa d | ||
| 040 |
_aDO-SdBNP _bspa _cBNPHU |
||
| 082 |
_aRD864.44 _bP438r, 1983 |
||
| 100 | 1 |
_aPérez, Mario Emilio, _d1935- _922183 |
|
| 245 | 1 | 0 |
_aRecuerdos del barrio de San Miguel / _cMario Emilio Pérez. |
| 250 | _a2a ed. | ||
| 260 |
_aSanto Domingo : _bTaller, _c1983. |
||
| 300 |
_a169 p. : _bil. ; _c21 cm. |
||
| 490 | 1 |
_aBiblioteca Taller _v102 |
|
| 650 | 0 |
_aCuentos dominicanos _9176 |
|
| 650 | 0 |
_aLiteratura dominicana. _967 |
|
| 830 | 0 |
_aBiblioteca Taller _v102 _9164 |
|
| 910 | _aValidado. Control de calidad BNPHU | ||
| 049 | _aBNPD | ||
| 999 |
_c13446 _d13446 |
||